Matemática: probabilidad y estadística /

Guardado en:
Autor Principal: Altman, Silvia V.
Otros Autores: Comparatore, Claudia, Kurzrok, Liliana
Formato: Libro
Publicado: Buenos Aires : Longseller, 2005
Series:Libros Temáticos, 81
Materias:
Etiquetas: Agregar Etiqueta
Sin Etiquetas, Sea el primero en etiquetar este registro!
LEADER 00754nam a22002295a 4500
001 CEM.cems011893
005 20070524124719.0
008 130507s2005##################000#0#####d
003 CEMS
020 |a 9875500437 
082 0 4 |a 519.9 
100 1 |a Altman, Silvia V. 
245 1 0 |a Matemática: probabilidad y estadística /  |c Silvia Altman ; claudia Comparatore y Liliana Kurzrok 
260 |a Buenos Aires :  |b Longseller,  |c 2005 
300 |a 113 p. 
490 0 |a Libros Temáticos, 81 
505 0 |a Estadística -- Combinatoria -- Probabilidad -- Variables aleatorias -- 
653 |a Matemática 
653 |a Estadística 
700 1 |a Comparatore, Claudia 
700 1 |a Kurzrok, Liliana 
859 |a CEMS  |b BIB. CEMS - 11 de abril  |h 519.9  |i AL79  |p 22980.05  |t Ej.1